[Event "New Delhi Parsvnath op-B 16th"]
[Site "New Delhi"]
[Date "2018.01.10"]
[Round "4"]
[White "Singh, Soram Rahul"]
[Black "Dilip, Das"]
[Result "0-1"]
[WhiteElo "1957"]
[BlackElo "1795"]
[PlyCount "128"]
[EventDate "2018.01.09"]
[EventType "swiss"]
[EventRounds "10"]
[EventCountry "IND"]
[SourceTitle "CBM 182 Extra"]
[Source "ChessBase"]
[SourceDate "2018.02.23"]
[SourceVersion "1"]
[SourceVersionDate "2018.02.23"]
[SourceQuality "1"]

1. d4 d5 2. c4 c6 3. Nc3 Nf6 4. e3 e6 5. Nf3 Nbd7 6. b3 Bb4 7. Bd2 0-0 8. Bd3 Re8 9. a3 Bd6 10. Qc2 e5 11. cxd5 exd4 12. Nxd4 cxd5 13. Ncb5 Ne5 14. Nxd6 Nxd3+ 15. Qxd3 Qxd6 16. Nb5 Qb6 17. Rc1 Bf5 18. Qe2 Rac8 19. Rxc8 Rxc8 20. 0-0 Ne4 21. Nd4 Be6 22. f3 Nxd2 23. Qxd2 Qc5 24. Qb4 b6 25. Ra1 g6 26. Qd2 Kg7 27. Ra2 Qc1+ 28. Qxc1 Rxc1+ 29. Kf2 Rc5 30. Ke2 Kf6 31. Kd2 Ke7 32. Rc2 Bd7 33. Rc3 Kd6 34. Kc2 a6 35. Kb2 h6 36. b4 Rxc3 37. Kxc3 Be8 38. f4 Bd7 39. Nf3 f6 40. Kd4 Bf5 41. Nd2 Bc2 42. Kc3 Bf5 43. Kd4 Bc2 44. Kc3 Bf5 45. Nb3 Bd7 46. Kd4 Ba4 47. Nd2 Bc2 48. h3 h5 49. e4 dxe4 50. Nxe4+ Bxe4 51. Kxe4 Ke6 52. f5+ gxf5+ 53. Kf4 h4 54. a4 b5 55. a5 Kd5 56. Kxf5 Kc4 57. Kxf6 Kxb4 58. Kg5 Kxa5 59. Kxh4 b4 60. g4 b3 61. g5 b2 62. g6 b1Q 63. Kg5 Qg1+ 64. Kf6 Qf1+ 0-1

[Event "New Delhi Parsvnath op 6th"]
[Site "New Delhi"]
[Date "2008.01.17"]
[Round "7"]
[White "Shyam, Nikil P"]
[Black "Dilip, Das"]
[Result "1-0"]
[WhiteElo "2301"]
[BlackElo "2116"]
[PlyCount "89"]
[EventDate "2008.01.13"]
[EventType "swiss"]
[EventRounds "10"]
[EventCountry "IND"]
[SourceTitle "CBM 122 Extra"]
[Source "ChessBase"]
[SourceDate "2008.03.04"]
[SourceVersion "1"]
[SourceVersionDate "2008.03.04"]
[SourceQuality "1"]

1. e4 c5 2. f4 d5 3. exd5 Qxd5 4. Nc3 Qd6 5. Nf3 a6 6. g3 b5 7. Ne4 Qc7 8. Bg2 Bb7 9. Qe2 Nd7 10. d3 Ngf6 11. f5 Nxe4 12. dxe4 g6 13. Bf4 Qb6 14. 0-0 Bg7 15. c3 0-0 16. Rad1 Rad8 17. Qe3 c4 18. Qxb6 Nxb6 19. Rxd8 Rxd8 20. Bc7 Rd6 21. Bxd6 exd6 22. Rd1 Bf8 23. e5 d5 24. Nd4 Bc5 25. fxg6 hxg6 26. Kh1 Na4 27. Rb1 Kf8 28. Ne2 Be3 29. b3 Nb6 30. a4 Bc6 31. a5 Nd7 32. bxc4 bxc4 33. Nd4 Nxe5 34. Rb6 Ba4 35. Bxd5 Bd2 36. Rxa6 Bxc3 37. Ne2 Bd2 38. Ra8+ Ke7 39. a6 Kf6 40. Rc8 Be3 41. Rc7 Bd1 42. Nc3 Bg4 43. a7 Bxa7 44. Rxa7 Bf5 45. Rc7 1-0

[Event "Commonwealth-ch"]
[Site "New Delhi"]
[Date "2007.12.08"]
[Round "8"]
[White "Gokhale, Chandrashekhar"]
[Black "Dilip, Das"]
[Result "1-0"]
[WhiteElo "2333"]
[BlackElo "2102"]
[PlyCount "143"]
[EventDate "2007.12.03"]
[EventType "swiss"]
[EventRounds "10"]
[EventCountry "IND"]
[SourceTitle "CBM 121 Extra"]
[Source "ChessBase"]
[SourceDate "2008.01.10"]
[SourceVersion "1"]
[SourceVersionDate "2008.01.10"]
[SourceQuality "1"]

1. d4 d5 2. c4 c6 3. Nf3 Bf5 4. Nc3 e6 5. cxd5 exd5 6. Bg5 Qb6 7. Qc1 Bd6 8. e3 Nd7 9. Be2 h6 10. Bh4 Ngf6 11. Bg3 Bb4 12. 0-0 0-0 13. a3 Be7 14. b4 a5 15. Na4 Qa7 16. Nc5 Qb6 17. Na4 Qa7 18. b5 cxb5 19. Bxb5 Rac8 20. Qb2 Rc2 21. Qb3 Rfc8 22. Ne1 Nb6 23. Nxb6 Qxb6 24. Nxc2 Bxc2 25. Qb2 Ba4 26. Rab1 Rc2 27. Qa1 Bxb5 28. a4 Bb4 29. axb5 Qxb5 30. Rb2 Rc4 31. Bd6 Ne4 32. Bxb4 axb4 33. Qa8+ Kh7 34. Qf8 f6 35. h4 Nc3 36. Ra1 Na4 37. Rb3 Qa5 38. Qd6 Qb5 39. Rab1 Nc3 40. Rxb4 Rxb4 41. Qxb4 Qd3 42. Ra1 Ne2+ 43. Kh2 Qe4 44. Qb1 Nc3 45. Qxe4+ Nxe4 46. Kg1 b5 47. Rb1 Nd6 48. Rc1 Nc4 49. Rb1 Nd6 50. Ra1 Kg6 51. Ra7 Kf5 52. Kf1 b4 53. Ke2 b3 54. Kd3 g5 55. hxg5 hxg5 56. Ra6 Nc4 57. e4+ Kg6 58. exd5 b2 59. Kc2 Kf7 60. Rc6 b1Q+ 61. Kxb1 Na3+ 62. Kb2 Nb5 63. Rc4 Ke7 64. Rb4 Nd6 65. Kc2 f5 66. Kd3 g4 67. Ke3 Ne4 68. Rb6 Nc3 69. Re6+ Kf7 70. Re5 Kf6 71. d6 Nd1+ 72. Ke2 1-0

[Event "Commonwealth-ch"]
[Site "New Delhi"]
[Date "2007.12.07"]
[Round "7"]
[White "Reefat, Bin Sattar"]
[Black "Dilip, Das"]
[Result "1-0"]
[WhiteElo "2482"]
[BlackElo "2102"]
[PlyCount "77"]
[EventDate "2007.12.03"]
[EventType "swiss"]
[EventRounds "10"]
[EventCountry "IND"]
[SourceTitle "CBM 121 Extra"]
[Source "ChessBase"]
[SourceDate "2008.01.10"]
[SourceVersion "1"]
[SourceVersionDate "2008.01.10"]
[SourceQuality "1"]

1. e4 c5 2. Nf3 Nc6 3. Nc3 e6 4. d4 cxd4 5. Nxd4 Nf6 6. Nxc6 bxc6 7. e5 Nd5 8. Ne4 Qc7 9. f4 c5 10. c4 Nb4 11. g3 Bb7 12. Bg2 Rb8 13. 0-0 Be7 14. Be3 0-0 15. Rf2 Bxe4 16. Bxe4 f5 17. exf6 Bxf6 18. Qh5 g6 19. Qxc5 Rfc8 20. Qxc7 Rxc7 21. c5 Na6 22. Rc1 Rxb2 23. Rxb2 Bxb2 24. Rc2 Ba3 25. c6 d5 26. Bd3 Nb4 27. Rc3 Bb2 28. Rb3 Nxd3 29. Rb8+ Kf7 30. Rb7 Re7 31. c7 Rxc7 32. Rxc7+ Kf6 33. Bxa7 h6 34. a4 Kf5 35. a5 d4 36. Rb7 Bc3 37. a6 Nb4 38. Rxb4 Bxb4 39. Bxd4 1-0

[Event "IND-chB 45th"]
[Site "Dindigul"]
[Date "2007.06.11"]
[Round "1"]
[White "Shankar, Roy"]
[Black "Dilip, Das"]
[Result "1/2-1/2"]
[WhiteElo "2344"]
[BlackElo "2031"]
[PlyCount "115"]
[EventDate "2007.06.11"]
[EventType "swiss"]
[EventRounds "12"]
[EventCountry "IND"]
[SourceTitle "CBM 119 Extra"]
[Source "ChessBase"]
[SourceDate "2007.09.04"]
[SourceVersion "1"]
[SourceVersionDate "2007.09.04"]
[SourceQuality "1"]

1. d4 d5 2. c4 c6 3. Nf3 Nf6 4. Nc3 e6 5. e3 a6 6. c5 b6 7. cxb6 Qxb6 8. Bd3 Nbd7 9. e4 dxe4 10. Nxe4 Nxe4 11. Bxe4 Nf6 12. Bd3 c5 13. 0-0 cxd4 14. Nxd4 Bd7 15. Nb3 Rd8 16. Be3 Qb7 17. Qe2 Bb5 18. Rfd1 Rxd3 19. Rxd3 Be7 20. Bd4 Bxd3 21. Qxd3 0-0 22. Rc1 Rd8 23. Qc4 h6 24. h3 Nd5 25. Na5 Qb4 26. Nc6 Qxc4 27. Rxc4 Rc8 28. Nxe7+ Nxe7 29. Rxc8+ Nxc8 30. Bc5 f6 31. Kf1 Kf7 32. Ke2 Ke8 33. Kd3 g6 34. Kc4 Kd7 35. b4 Kc6 36. a4 h5 37. a5 g5 38. Kd4 Nd6 39. g4 Nb5+ 40. Ke4 hxg4 41. hxg4 Nc3+ 42. Kd3 Nd5 43. Kc4 f5 44. gxf5 exf5 45. Kd4 g4 46. Ke5 f4 47. Ke4 g3 48. fxg3 fxg3 49. Kf3 Kb5 50. Kxg3 Nxb4 51. Bxb4 Kxb4 52. Kf3 Kxa5 53. Ke2 Kb4 54. Kd2 Kb3 55. Kc1 Ka2 56. Kc2 a5 57. Kc1 a4 58. Kc2 1/2-1/2